00000000nam##2200000za#4500
0019.688430
003CaOODSP
00520210624231424
007cr |||||||||||
008150407|2000||||xxc|||||o    f|0| 0 eng|d
040 |aCaOODSP|beng
043 |an-cn---
0861 |aSW21-40/2000E-PDF
1101 |aCanada. |bStatus of Women Canada.
24514|aThe 1996 Census unpaid work data evaluation study / |h[electronic resource]|c[by] Leroy O. Stone and Sandra Swain.
260 |aOttawa - Ontario : |bStatus of Women Canada |c2000.
300 |a50p.|bglossary, graphs, tables
500 |aThe ISBN (0-662-28018-0) for the (2000) print edition has been printed in this electronic edition. N.B.: Incorrect catalogue number (SW21-40/2000E) printed in this publication.
504 |aBibliography.
590 |a06-10-Supp|b2006-12-15
69007|aCensus data|2gcpds
69007|aHome economics|2gcpds
69007|aStatus of women|2gcpds
69007|aUnpaid work|2gcpds
7201 |aStone, Leroy
7201 |aSwain, Sandra
77508|tÉtude d'évaluation des données du recensement de 1996 relatives au travail non rémunéré / |w(CaOODSP)9.632854
7760#|tThe 1996 Census unpaid work data evaluation study / |w(CaOODSP)9.661197
7760#|tÉtude d'évaluation des données du recensement de 1996 relatives au travail non rémunéré / |w(CaOODSP)9.661198
85640|ahttp://publications.gc.ca|qPDF|s390 KB|uhttps://publications.gc.ca/collections/Collection/SW21-40-2000E.pdf